Les 20 villes les plus peuplées d'Indre (36) - Statistiques

Statistiques générales
  • Ce quiz a été pris 38 fois
  • Le résultat moyen est 11 sur 20
Statistiques - réponses
HINT HINT ANSWER % Correct
43 079 C Châteauroux
100%
10 953 I Issoudun
100%
4 038 L La Châtre
79%
6 188 L Le Blanc
79%
7 618 D Déols
76%
4 817 A Argenton-sur-Creuse
70%
5 848 L Le Poinçonnet
64%
2 239 V Valençay
64%
4 431 B Buzançais
58%
3 589 S Saint-Maur
55%
1 959 V Vatan
55%
2 802 L Levroux
42%
2 009 R Reuilly
42%
3 747 A Ardentes
39%
1 657 N Neuvy-Saint-Sépulchre
36%
2 296 C Châtillon-sur-Indre
33%
2 615 V Villedieu-sur-Indre
27%
1 714 S Saint-Gaultier
24%
2 762 C Chabris
18%
1 781 L Le Pêchereau
12%
Aucun quiz correspondant
Distribution des résultats
% des personnes avec chaque résultat
Percentile par nombre de réponses
Votre historique - résultats
Vous n’avez pas pris ce quiz